00953cam a22002531 4500001001300000003000400013005001700017008004100034010001700075040001800092050003500110100004000145245004400185260006500229300003400294500002700328500008300355500006400438651007100502600004100573610003000614655003100644655002400675tmp96004438 DLC20260227112754.0021018s1937 nyub 000 1 eng  atmp96004438  aDLCcDLCdDLC00aPZ3.R54263bNo 14aPS3535.O1761 aRoberts, Kenneth Lewis,d1885-1957.10aNorthwest passage,cby Kenneth Roberts. aGarden City, N.Y.,bDoubleday, Doran & company, inc.,c1937. a5 p.l., 3-709, [1] p.c21 cm. aMaps on lining-papers. a"Book I of this novel appeared serially under the title of 'Rogers' rangers'." a"First published June 25, 1937 ... reprinted Dec. 9, 1937." 0aUnited StatesxHistoryyFrench and Indian War, 1754-1763vFiction.10aRogers, Robert,d1731-1795vFiction.20aRogers' RangersvFiction. 7aHistorical fiction.2gsafd 7aWar stories.2gsafd